000 00586nam a22001457a 4500
008 230322b |||||||| |||| 00| 0 eng d
041 _aNep.
082 _aN070.0922/A487u
100 _aआचार्य, सुरेश 'सम्पा'
245 _aउहिलेको पत्रकारिता.
260 _aमकवानपुर:
_bआन्तरिक मामिला तथा कानुन मन्त्रालय,
_c२०७९ वि.
300 _b१४३ पृ.
650 _aपत्रकारहरु-जीवनी
942 _2ddc
_cGEN
999 _c108512
_d108500